La carrière de José Mourinho - Statistiques

Statistiques générales
  • Ce quiz a été pris 124 fois
    48 depuis la dernière actualisation
  • Le résultat moyen est 8 sur 12
Statistiques - réponses
Année Club % Correct
2002 - 2004 FC Porto
91%
2016 - 2018 Manchester United
85%
2010 - 2013 Real Madrid
85%
2004 - 2007 Chelsea FC
79%
2013 - 2015 Chelsea FC
79%
2008 - 2010 Inter Milan
79%
2025 - actuel SL Benfica
77%
2021 - 2024 AS Roma
72%
2024 - 2025 Fenerbahçe SK
70%
2000 SL Benfica
57%
2019 - 2021 Tottenham Hotspur
57%
2001 - 2002 UD Leiria
13%
Aucun quiz correspondant
Distribution des résultats
% des personnes avec chaque résultat
Percentile par nombre de réponses
Votre historique - résultats
Vous n’avez pas pris ce quiz depuis la dernière actualisation